[Event "7th EuropCh Men"]
[Site "Kusadasi / Turkey"]
[Date "2006.04.06"]
[Round "3"]
[White "Perez Candelario, Manuel"]
[Black "Guseinov, Gadir"]
[Result "0-1"]
[WhiteElo "2511"]
[BlackElo "2610"]
[PlyCount "74"]
[EventDate "2006.04.04"]
[EventRounds "11"]
[EventCountry "AUT"]

1. e4 c5 2. Nf3 g6 3. d4 cxd4 4. Nxd4 Bg7 5. Nc3 Nc6 6. Be3 Nf6 7. Bc4 O-O 8.
Bb3 d6 9. f3 Bd7 10. h4 Nxd4 11. Bxd4 b5 12. h5 a5 13. hxg6 hxg6 14. Nd5 Nxd5
15. Bxd5 Rc8 16. Qd2 Rxc2 17. Qxc2 Bxd4 18. O-O-O Bg7 19. Kb1 Qb6 20. g4 e6 21.
Qh2 Rd8 22. Bb3 Be8 23. f4 a4 24. Bxe6 fxe6 25. f5 Qe3 26. f6 Bxf6 27. g5 Qxg5
28. Qh7+ Kf8 29. Rdf1 Qe5 30. Rh2 Rd7 31. Qh6+ Kg8 32. Rhf2 Rh7 33. Qc1 Rf7 34.
Qc8 Kf8 35. Qa8 b4 36. Rc1 Qd4 37. Rfc2 Qd3 0-1

[Event "7th EuropCh Men"]
[Site "Kusadasi / Turkey"]
[Date "2006.04.06"]
[Round "3"]
[White "Socko, Bartosz"]
[Black "Arlandi, Ennio"]
[Result "1-0"]
[WhiteElo "2606"]
[BlackElo "2453"]
[PlyCount "87"]
[EventDate "2006.04.04"]
[EventRounds "11"]
[EventCountry "AUT"]

1. e4 c5 2. Nf3 e6 3. d4 cxd4 4. Nxd4 Nf6 5. Nc3 d6 6. Be3 a6 7. f3 b5 8. g4 h6
9. Qd2 b4 10. Nce2 e5 11. Nb3 a5 12. Rd1 a4 13. Nbc1 Nc6 14. Ng3 Qa5 15. Nf5
Bxf5 16. gxf5 d5 17. exd5 Nd4 18. Bxd4 exd4 19. Bc4 Bd6 20. O-O O-O 21. Kh1
Rae8 22. b3 Re5 23. Rg1 Kh8 24. Ne2 Rxf5 25. Rxg7 Rh5 26. Rg2 axb3 27. axb3 Rg8
28. f4 Rxg2 29. Kxg2 Ng4 30. Qxd4+ Kg8 31. h3 Bc5 32. Ra1 Bxd4 33. Rxa5 Ne3+
34. Kh2 Nf1+ 35. Kh1 Bf6 36. Ra8+ Kg7 37. d6 Ne3 38. d7 Rxh3+ 39. Kg1 Rf3 40.
Bd3 Rf1+ 41. Kh2 Nxc2 42. Ng3 Rf2+ 43. Kg1 Rd2 44. Nh5# 1-0

[Event "7th EuropCh Men"]
[Site "Kusadasi / Turkey"]
[Date "2006.04.06"]
[Round "3"]
[White "Heberla, Bartolomiej"]
[Black "Kempinski, Robert"]
[Result "1/2-1/2"]
[WhiteElo "2497"]
[BlackElo "2586"]
[PlyCount "21"]
[EventDate "2006.04.04"]
[EventRounds "11"]
[EventCountry "AUT"]

1. d4 Nf6 2. Nf3 g6 3. g3 d5 4. Bg2 Bg7 5. O-O O-O 6. c4 c6 7. cxd5 cxd5 8. Ne5
e6 9. Nc3 Nfd7 10. f4 Nc6 11. Be3 1/2-1/2

[Event "7th EuropCh Men"]
[Site "Kusadasi / Turkey"]
[Date "2006.04.06"]
[Round "3"]
[White "Nevednichy, Vladislav"]
[Black "Guliev, Sarhan"]
[Result "1-0"]
[WhiteElo "2582"]
[BlackElo "2484"]
[PlyCount "125"]
[EventDate "2006.04.04"]
[EventRounds "11"]
[EventCountry "AUT"]

1. e4 e5 2. Bc4 Nf6 3. d3 Nc6 4. Nf3 h6 5. O-O d6 6. c3 g6 7. d4 Qe7 8. Re1 Bg7
9. Nbd2 O-O 10. h3 Bd7 11. a4 Rae8 12. a5 Nh5 13. Nf1 Qf6 14. Ne3 Nf4 15. d5
Nd8 16. Bf1 Qe7 17. a6 b6 18. Nc4 g5 19. Ne3 Qf6 20. Nh2 Qg6 21. Qc2 h5 22. c4
Qh7 23. Ra3 f6 24. b4 Rf7 25. c5 dxc5 26. bxc5 bxc5 27. Rc3 Bf8 28. Ba3 c6 29.
Bxc5 Bxc5 30. Rxc5 cxd5 31. exd5 Qxc2 32. Rxc2 e4 33. Rb1 f5 34. Rc7 Ba4 35.
Rxf7 Kxf7 36. Nxf5 Kf6 37. Nd6 Re7 38. Nb7 Nf7 39. d6 Re5 40. Bc4 Nd3 41. Nf1
g4 42. hxg4 hxg4 43. Ne3 Nh6 44. Nd5+ Kg5 45. Nc3 Bd7 46. Nxe4+ Rxe4 47. Bxd3
Rd4 48. Nc5 Bf5 49. Bxf5 Kxf5 50. d7 Nf7 51. Rb8 Rd5 52. Rf8 Kf6 53. Rc8 g3 54.
fxg3 Ke7 55. Re8+ Kf6 56. Rc8 Ke7 57. g4 Kf6 58. Kh2 Rd1 59. Rf8 Rd5 60. Kg3
Ke7 61. Re8+ Kf6 62. Ne4+ Kg6 63. Rg8+ 1-0

[Event "7th EuropCh Men"]
[Site "Kusadasi / Turkey"]
[Date "2006.04.06"]
[Round "3"]
[White "Shanava, Konstantine"]
[Black "David, Alberto"]
[Result "1/2-1/2"]
[WhiteElo "2484"]
[BlackElo "2580"]
[PlyCount "98"]
[EventDate "2006.04.04"]
[EventRounds "11"]
[EventCountry "AUT"]

1. e4 e5 2. Nf3 Nc6 3. Bc4 Bc5 4. c3 Nf6 5. d3 a6 6. Bb3 O-O 7. O-O Ba7 8. Bg5
h6 9. Bh4 d6 10. Kh1 Kh8 11. Nbd2 g5 12. Nxg5 hxg5 13. Bxg5 Rg8 14. f4 exf4 15.
Bxf4 Be6 16. Bc2 Bg4 17. Qe1 Nh5 18. d4 Nxf4 19. Rxf4 Qg5 20. Qg3 Rg7 21. Raf1
Qh5 22. Bb3 Rf8 23. Bxf7 Rfxf7 24. Rxf7 Rxf7 25. Rxf7 Qxf7 26. Qxg4 Bb6 27. Nf3
Qxa2 28. h4 Qf7 29. Ng5 Qf6 30. Qc8+ Kg7 31. Qxb7 Ne7 32. Qxa6 Qf2 33. Nf3 Qxb2
34. Qd3 Qc1+ 35. Kh2 Ng6 36. g3 Qb2+ 37. Kh3 Qf2 38. Kg4 Qa2 39. Ng5 Qa4 40.
Qf3 Qd7+ 41. Qf5 Nf8 42. Qxd7+ Nxd7 43. Kf5 Ba5 44. c4 Be1 45. g4 Bxh4 46. Ne6+
Kf7 47. Nxc7 Bf2 48. e5 dxe5 49. dxe5 Nxe5 1/2-1/2

[Event "7th EuropCh Men"]
[Site "Kusadasi / Turkey"]
[Date "2006.04.06"]
[Round "3"]
[White "Saric, Ante"]
[Black "Van Den Doel, Erik"]
[Result "1/2-1/2"]
[WhiteElo "2474"]
[BlackElo "2579"]
[PlyCount "23"]
[EventDate "2006.04.04"]
[EventRounds "11"]
[EventCountry "AUT"]

1. d4 Nf6 2. c4 e6 3. Nf3 b6 4. g3 Ba6 5. b3 b5 6. cxb5 Bxb5 7. Bg2 Bb4+ 8. Bd2
a5 9. Ne5 d5 10. Nc3 Ba6 11. Na4 Bb5 12. Nc3 1/2-1/2

[Event "7th EuropCh Men"]
[Site "Kusadasi / Turkey"]
[Date "2006.04.06"]
[Round "3"]
[White "Kosintseva, Nadezhda"]
[Black "Postny, Evgeny"]
[Result "0-1"]
[WhiteElo "2469"]
[BlackElo "2572"]
[PlyCount "88"]
[EventDate "2006.04.04"]
[EventRounds "11"]
[EventCountry "AUT"]

1. e4 e5 2. Nf3 Nc6 3. Bb5 a6 4. Ba4 Nf6 5. O-O Be7 6. Re1 b5 7. Bb3 d6 8. c3
O-O 9. d4 Bg4 10. Be3 exd4 11. cxd4 d5 12. e5 Ne4 13. h3 Bh5 14. Nc3 Nxc3 15.
bxc3 Qd7 16. Bf4 Nd8 17. g4 Bg6 18. Bg3 a5 19. a4 Ne6 20. axb5 Qxb5 21. Nd2 Bg5
22. Nf1 Rab8 23. Ba2 Qb2 24. h4 Bf4 25. Bxf4 Nxf4 26. Qf3 Nd3 27. Bxd5 Nxe1 28.
Rxe1 h6 29. g5 h5 30. Kg2 a4 31. Ng3 Qd2 32. Rd1 Qc2 33. Nxh5 c6 34. Bxc6 Rbc8
35. Bd5 Rxc3 36. Qg4 Bf5 37. Qf4 Qxd1 38. Nf6+ gxf6 39. Qxf5 Qd3 40. Be4 Qh3+
41. Qxh3 Rxh3 42. Kxh3 fxe5 43. dxe5 a3 44. Bd5 Rd8 0-1

[Event "7th EuropCh Men"]
[Site "Kusadasi / Turkey"]
[Date "2006.04.06"]
[Round "3"]
[White "Haznedaroglu, Kivanc"]
[Black "Agrest, Evgenij"]
[Result "1-0"]
[WhiteElo "2453"]
[BlackElo "2570"]
[PlyCount "109"]
[EventDate "2006.04.04"]
[EventRounds "11"]
[EventCountry "AUT"]

1. e4 c5 2. Nf3 e6 3. d4 cxd4 4. Nxd4 a6 5. Bd3 Bc5 6. Nb3 Ba7 7. Qe2 Nc6 8.
Be3 d6 9. N1d2 Nf6 10. O-O-O Qc7 11. f4 a5 12. Bxa7 Rxa7 13. Qe3 O-O 14. Nd4
Ng4 15. Qg1 Nxd4 16. Qxd4 b6 17. h3 e5 18. Qg1 Nf6 19. f5 Bb7 20. g4 d5 21. g5
Nxe4 22. Bxe4 dxe4 23. Qe3 Qc6 24. Rhe1 Bc8 25. f6 Rc7 26. c3 Bf5 27. Nxe4 Qa4
28. Qxb6 Bxe4 29. Rxe4 Qxe4 30. Qxc7 Qf4+ 31. Kb1 Qxg5 32. fxg7 Re8 33. Qxa5
Qg6+ 34. Kc1 Qh6+ 35. Kb1 Qg6+ 36. Kc1 Qh6+ 37. Kc2 Qxh3 38. Rd8 Qg2+ 39. Kb3
Rxd8 40. Qxd8+ Kxg7 41. a4 Qb7+ 42. Ka3 f6 43. a5 e4 44. Qd6 Qa7 45. b4 Qe3 46.
Kb3 Qe1 47. a6 e3 48. Qe7+ Kg6 49. Qe4+ f5 50. Qg2+ Kh5 51. a7 e2 52. Qf3+ Kg5
53. a8=Q Qd1+ 54. Kc4 e1=Q 55. Qg8+ 1-0

[Event "7th EuropCh Men"]
[Site "Kusadasi / Turkey"]
[Date "2006.04.06"]
[Round "3"]
[White "Steingrimsson, Hedinn"]
[Black "Mchedlishvili, Mikheil"]
[Result "0-1"]
[WhiteElo "2447"]
[BlackElo "2567"]
[PlyCount "150"]
[EventDate "2006.04.04"]
[EventRounds "11"]
[EventCountry "AUT"]

1. d4 d5 2. c4 c6 3. Nc3 Nf6 4. e3 a6 5. Qc2 e6 6. Nf3 c5 7. cxd5 exd5 8. Be2
Nc6 9. Ne5 Bd7 10. Nxd7 Qxd7 11. Na4 Nb4 12. Qd1 cxd4 13. exd4 Qc7 14. O-O Bd6
15. h3 O-O 16. a3 Nc6 17. Bf3 Ne4 18. b4 Rad8 19. Bb2 Ng5 20. Be2 Rfe8 21. Nc5
Qc8 22. Bg4 f5 23. Bh5 g6 24. Be2 Bb8 25. Rc1 Qc7 26. f4 Ne4 27. Rc2 Qe7 28.
Qd3 Na7 29. g3 Nb5 30. Qb3 Qf7 31. Kh2 Nbd6 32. Nd3 b5 33. Ne5 Qb7 34. g4 Rf8
35. gxf5 Nxf5 36. Bg4 Kh8 37. Rg2 Nfd6 38. Qf3 Nc4 39. Rfg1 Rde8 40. Ba1 Nxe5
41. dxe5 Bxe5 42. Bxe5+ Rxe5 43. fxe5 Rxf3 44. Bxf3 Qe7 45. Bxe4 Qxe5+ 46. Rg3
dxe4 47. Rf1 Kg7 48. Kg2 e3 49. Kf3 Qc3 50. Rg4 e2+ 51. Kxe2 Qxh3 52. Rd4 Qe6+
53. Kd3 h5 54. Rf3 Kh6 55. Re3 Qf6 56. Rde4 h4 57. Re6 Qf1+ 58. Kd2 Qf2+ 59.
Kd3 Qf5+ 60. Ke2 Qg4+ 61. Kf2 Qf4+ 62. Kg2 Kh5 63. Re8 g5 64. R8e4 Qd6 65. Re8
Qd5+ 66. Kh2 Qd2+ 67. Kg1 Qd4 68. Kg2 Qd5+ 69. Kf2 Kg4 70. R8e5 Qd2+ 71. Kg1
Qc1+ 72. Kf2 Qb2+ 73. Kg1 h3 74. Re2 Qxa3 75. R5e4+ Kf3 0-1

[Event "7th EuropCh Men"]
[Site "Kusadasi / Turkey"]
[Date "2006.04.06"]
[Round "3"]
[White "Predojevic, Borki"]
[Black "Weiss, Christian"]
[Result "1/2-1/2"]
[WhiteElo "2566"]
[BlackElo "2437"]
[PlyCount "87"]
[EventDate "2006.04.04"]
[EventRounds "11"]
[EventCountry "AUT"]

1. e4 e6 2. d4 d5 3. Nc3 Bb4 4. Bd3 dxe4 5. Bxe4 Nf6 6. Bf3 O-O 7. Bg5 Nbd7 8.
Nge2 c6 9. O-O Qc7 10. Ng3 Be7 11. Re1 h6 12. Bd2 Rd8 13. Qc1 Nf8 14. Bf4 Bd6
15. Bxd6 Qxd6 16. Rd1 N8h7 17. Nce4 Qe7 18. Qe3 Bd7 19. Rd2 Be8 20. Rad1 Nxe4
21. Nxe4 Nf6 22. g3 Nxe4 23. Qxe4 Rd6 24. c4 Rad8 25. c5 R6d7 26. b4 a6 27. Bg2
f6 28. f4 Bf7 29. a3 Re8 30. Qf3 Qd8 31. Kf2 Ree7 32. h4 Qe8 33. Qe2 Kf8 34. a4
Qd8 35. Rd3 Bg6 36. R3d2 Bf7 37. h5 Qc7 38. b5 cxb5 39. axb5 axb5 40. Qxb5 Be8
41. Qb1 Rd8 42. d5 exd5 43. Rxd5 Rxd5 44. Rxd5 1/2-1/2

[Event "7th EuropCh Men"]
[Site "Kusadasi / Turkey"]
[Date "2006.04.06"]
[Round "3"]
[White "Sedlak, Nikola"]
[Black "Manca, Federico"]
[Result "1/2-1/2"]
[WhiteElo "2564"]
[BlackElo "2417"]
[PlyCount "97"]
[EventDate "2006.04.04"]
[EventRounds "11"]
[EventCountry "AUT"]

1. e4 g6 2. d4 Bg7 3. Nc3 d6 4. Be3 a6 5. Nf3 Nf6 6. h3 O-O 7. Bd3 Nc6 8. d5
Nb4 9. Be2 a5 10. O-O c6 11. a3 Na6 12. Nd4 Bd7 13. Bf3 Qc7 14. Qd2 e5 15. dxe6
fxe6 16. Nb3 e5 17. Rad1 Ne8 18. Be2 Be6 19. Na4 b5 20. Nb6 Rb8 21. Qxa5 Bxb3
22. Qxa6 Bxc2 23. Rc1 Bxe4 24. Bxb5 c5 25. Nd7 Ra8 26. Qb6 Rf7 27. Qxc7 Nxc7
28. Bc4 Bd5 29. Nb6 Bxc4 30. Nxc4 Ra6 31. Nd2 Ne6 32. b4 cxb4 33. axb4 Rb7 34.
Rc8+ Kf7 35. Rb1 d5 36. b5 Ra2 37. b6 e4 38. Rb5 d4 39. Bg5 Nxg5 40. Nc4 e3 41.
fxe3 dxe3 42. Rc7+ Rxc7 43. bxc7 Ra1+ 44. Kh2 e2 45. c8=Q Rh1+ 46. Kxh1 e1=Q+
47. Kh2 Nf3+ 48. gxf3 Qf2+ 49. Kh1 1/2-1/2

[Event "7th EuropCh Men"]
[Site "Kusadasi / Turkey"]
[Date "2006.04.06"]
[Round "3"]
[White "Gagunashvili, Merab"]
[Black "Guliev, Logman"]
[Result "1/2-1/2"]
[WhiteElo "2555"]
[BlackElo "2384"]
[PlyCount "97"]
[EventDate "2006.04.04"]
[EventRounds "11"]
[EventCountry "AUT"]

1. d4 Nf6 2. c4 e6 3. Nc3 Bb4 4. Qc2 O-O 5. Bg5 c5 6. dxc5 Bxc5 7. Nf3 Nc6 8.
Rd1 Be7 9. e4 h6 10. Bh4 Qa5 11. Be2 Rd8 12. O-O d6 13. a3 a6 14. Rd2 Qc7 15.
Rfd1 Ne5 16. Nxe5 dxe5 17. Rxd8+ Bxd8 18. Qd2 Be7 19. Bxf6 Bxf6 20. b4 Be7 21.
c5 b6 22. cxb6 Qxb6 23. Na4 Qc6 24. Nb2 Bg5 25. Qc3 Bb7 26. Qc4 Qxe4 27. Qxe4
Bxe4 28. Nc4 Bc2 29. Rd6 e4 30. Ne3 Bd3 31. Bxd3 exd3 32. Rxd3 a5 33. Rb3 axb4
34. axb4 Ra1+ 35. Nf1 Bd8 36. g3 Bb6 37. b5 Kf8 38. Rb2 Bd4 39. Rb4 Bb6 40. Rb2
Bd4 41. Rb3 Bb6 42. Kg2 Ra2 43. Ne3 Bxe3 44. Rxe3 Rb2 45. Re5 Ke7 46. Rc5 Kd6
47. Rc6+ Kd7 48. Rb6 Kc7 49. Rc6+ 1/2-1/2

[Event "7th EuropCh Men"]
[Site "Kusadasi / Turkey"]
[Date "2006.04.06"]
[Round "3"]
[White "Soltanici, Ruslan"]
[Black "Hulak, Krunoslav"]
[Result "0-1"]
[WhiteElo "2323"]
[BlackElo "2541"]
[PlyCount "88"]
[EventDate "2006.04.04"]
[EventRounds "11"]
[EventCountry "AUT"]

1. e4 c5 2. Nf3 e6 3. d4 cxd4 4. Nxd4 a6 5. Nc3 d6 6. Be3 b5 7. Qd2 Bb7 8. f3
Nf6 9. O-O-O h5 10. Bd3 Nbd7 11. Kb1 Rc8 12. h3 h4 13. Rhe1 Be7 14. a3 Ne5 15.
Bg5 Nc4 16. Bxc4 Rxc4 17. f4 O-O 18. Qd3 Nh5 19. Bxe7 Qxe7 20. Nde2 Nf6 21. Nd4
Rfc8 22. Na2 Nh5 23. Qe3 Qf6 24. e5 Qxf4 25. exd6 Qxe3 26. Rxe3 Rd8 27. Nb3
Bxg2 28. Nb4 Nf6 29. Na5 Rcc8 30. Rd2 Bd5 31. b3 Rxd6 32. Kb2 Rdd8 33. c4 bxc4
34. bxc4 Be4 35. Rxd8+ Rxd8 36. c5 Kf8 37. c6 Ke7 38. Rc3 Nd5 39. Rc4 Nxb4 40.
Rxb4 f5 41. Kc3 Rc8 42. Rb7+ Kf6 43. Rb6 g5 44. Kd4 g4 0-1

[Event "7th EuropCh Men"]
[Site "Kusadasi / Turkey"]
[Date "2006.04.06"]
[Round "3"]
[White "Rogic, Davor"]
[Black "Erturan, Yakup"]
[Result "0-1"]
[WhiteElo "2540"]
[BlackElo "2332"]
[PlyCount "86"]
[EventDate "2006.04.04"]
[EventRounds "11"]
[EventCountry "AUT"]

1. e4 e5 2. Nf3 Nc6 3. Bb5 a6 4. Ba4 Nf6 5. O-O Be7 6. Re1 b5 7. Bb3 d6 8. c3
O-O 9. h3 Nd7 10. d4 Bf6 11. Be3 Na5 12. Bc2 Nc4 13. Bc1 exd4 14. cxd4 Re8 15.
b3 Ncb6 16. Bb2 Bb7 17. Nbd2 c5 18. e5 dxe5 19. dxe5 Be7 20. Qe2 Nf8 21. Ne4
Nd5 22. Rad1 Qb6 23. Nh2 Rad8 24. Ng4 Ng6 25. g3 h5 26. Nh2 h4 27. Ng4 hxg3 28.
fxg3 Nb4 29. Bb1 c4+ 30. Kh2 Nd3 31. Bxd3 cxd3 32. Rxd3 Rxd3 33. Qxd3 Rd8 34.
Qf3 Rd2+ 35. Re2 Rxe2+ 36. Qxe2 Qc6 37. Ngf2 Nf8 38. Bd4 Ne6 39. Be3 Qd5 40.
Qd2 Qxe5 41. Qd3 f5 42. Qd7 Bxe4 43. Qxe7 Bc6 0-1

[Event "7th EuropCh Men"]
[Site "Kusadasi / Turkey"]
[Date "2006.04.06"]
[Round "3"]
[White "Almond, Richard"]
[Black "Winants, Luc"]
[Result "1/2-1/2"]
[WhiteElo "2093"]
[BlackElo "2530"]
[PlyCount "74"]
[EventDate "2006.04.04"]
[EventRounds "11"]
[EventCountry "AUT"]

1. d4 e6 2. c4 Bb4+ 3. Bd2 a5 4. Nc3 d5 5. e3 Nf6 6. Bd3 O-O 7. Qc2 b6 8. cxd5
exd5 9. Nf3 Ba6 10. O-O Bxd3 11. Qxd3 c6 12. Ne5 Bd6 13. f4 Bb4 14. Rac1 Bxc3
15. Rxc3 Qd6 16. Rfc1 Rc8 17. R3c2 Ne4 18. Qb3 Nxd2 19. Rxd2 f6 20. Nf3 Nd7 21.
Rdc2 a4 22. Qd3 b5 23. e4 Qe6 24. e5 g6 25. exf6 Qxf6 26. Ne5 Nxe5 27. fxe5 Qe6
28. Rf1 Rf8 29. Rcf2 Rxf2 30. Rxf2 Rf8 31. Rxf8+ Kxf8 32. b4 axb3 33. axb3 Ke8
34. b4 Qg4 35. h3 Qf4 36. Qc3 Kd7 37. Qc5 Qe3+ 1/2-1/2

[Event "7th EuropCh Men"]
[Site "Kusadasi / Turkey"]
[Date "2006.04.06"]
[Round "3"]
[White "Zueger, Beat"]
[Black "Zelcic, Robert"]
[Result "1/2-1/2"]
[WhiteElo "2433"]
[BlackElo "2525"]
[PlyCount "112"]
[EventDate "2006.04.04"]
[EventRounds "11"]
[EventCountry "AUT"]

1. c4 e5 2. g3 Nf6 3. Bg2 d5 4. cxd5 Nxd5 5. Nc3 Nc6 6. Nf3 Nb6 7. O-O Be7 8.
a3 O-O 9. b4 Re8 10. d3 Bf8 11. Bb2 Bg4 12. h3 Bf5 13. Rc1 a5 14. b5 Nd4 15. g4
Bd7 16. a4 Nxf3+ 17. Bxf3 Qh4 18. Kg2 Rad8 19. Rh1 Bc8 20. Qc2 Re6 21. Ne4 Nd5
22. Ng3 c6 23. Nf1 Qf6 24. Bxd5 Rxd5 25. f4 g6 26. fxe5 Qd8 27. Ng3 Bg7 28. d4
Bh6 29. e4 Bxc1 30. Rxc1 Rxd4 31. Bxd4 Qxd4 32. Rd1 Qxe5 33. Rd8+ Re8 34. Qd2
cxb5 35. Qxa5 Qb2+ 36. Rd2 Qc1 37. axb5 b6 38. Qb4 Bb7 39. Rd7 Qc2+ 40. Kf3 Rc8
41. Ne2 Ba8 42. Qe7 Rf8 43. Nd4 Qd3+ 44. Kf4 Qd2+ 45. Kf3 Qc3+ 46. Kf2 Qb2+ 47.
Kg3 Qb1 48. Rd8 Qg1+ 49. Kf4 Qc1+ 50. Kg3 Qe1+ 51. Kf4 Qd2+ 52. Kg3 Qe1+ 53.
Kf4 Qc1+ 54. Kg3 Qg1+ 55. Kf4 Qh2+ 56. Ke3 Qg1+ 1/2-1/2

[Event "7th EuropCh Men"]
[Site "Kusadasi / Turkey"]
[Date "2006.04.06"]
[Round "3"]
[White "Erdogdu, Mert"]
[Black "Blatny, Pavel"]
[Result "0-1"]
[WhiteElo "2373"]
[BlackElo "2495"]
[PlyCount "116"]
[EventDate "2006.04.04"]
[EventRounds "11"]
[EventCountry "AUT"]

1. e4 g6 2. d4 d6 3. Nc3 Bg7 4. Be3 Nd7 5. Nf3 e6 6. Bd3 Ne7 7. Ne2 b6 8. Ng3
Bb7 9. c3 a6 10. Qd2 h6 11. O-O c5 12. b4 Qc7 13. bxc5 dxc5 14. a4 e5 15. dxe5
Nxe5 16. Nxe5 Bxe5 17. f4 Bg7 18. Bc4 Rd8 19. Qa2 Nc6 20. f5 g5 21. f6 Bf8 22.
Nf5 Bd6 23. Rad1 Bxh2+ 24. Kh1 Be5 25. Ne7 Rh7 26. Nd5 Qc8 27. Qe2 Bb8 28. e5
Nxe5 29. Nxb6 Qh3+ 30. Kg1 Qg3 31. Bxc5 Rxd1 32. Rxd1 Bf3 33. Be7 Bc7 34. Nd5
Ba5 35. Qf1 Bxd1 36. Bb5+ Nd7 37. Bxd7+ Kxd7 38. Qxd1 Kc6 39. Ba3 Rh8 40. Ne7+
Kc7 41. Nd5+ Kb7 42. Qb1+ Ka8 43. Qe4 Qb8 44. Nb6+ Ka7 45. Nc4 Bb6+ 46. Kh1 Rd8
47. Qe7+ Bc7 48. Nd6 Qb1+ 49. Kh2 Kb8 50. Bc5 Qd3 51. Ba7+ Ka8 52. Qxc7 Qxd6+
53. Qxd6 Rxd6 54. Bd4 h5 55. Kg3 Re6 56. Kf3 Kb7 57. c4 Kc6 58. g3 Re1 0-1

[Event "7th EuropCh Men"]
[Site "Kusadasi / Turkey"]
[Date "2006.04.06"]
[Round "3"]
[White "Aroshidze, Levan"]
[Black "Vehi Bach, Victor"]
[Result "1/2-1/2"]
[WhiteElo "2492"]
[BlackElo "2335"]
[PlyCount "141"]
[EventDate "2006.04.04"]
[EventRounds "11"]
[EventCountry "AUT"]

1. e4 c5 2. Nf3 e6 3. d4 cxd4 4. Nxd4 Nf6 5. Nc3 d6 6. Be3 a6 7. f3 Be7 8. Qd2
Nc6 9. O-O-O O-O 10. g4 Nxd4 11. Qxd4 Nd7 12. Rg1 b5 13. g5 Ne5 14. Rg3 Rb8 15.
f4 Nc6 16. Qd2 Qa5 17. Kb1 b4 18. Ne2 Rd8 19. Bg2 Qc7 20. Nd4 Nxd4 21. Bxd4 e5
22. Be3 exf4 23. Bxf4 a5 24. Rd3 Bg4 25. Bf3 Bxf3 26. Rxf3 Re8 27. Rd3 Qc6 28.
Rd4 Bf8 29. Qd3 Rbc8 30. b3 g6 31. Rc4 Qb7 32. Rxc8 Rxc8 33. Qd5 Qc7 34. Rd2
Re8 35. Bxd6 Bxd6 36. Qxd6 Qxd6 37. Rxd6 Rxe4 38. Rd5 Rh4 39. Rxa5 Rxh2 40. Ra4
Rg2 41. Rxb4 Rxg5 42. a4 h5 43. Kb2 Kg7 44. Rb5 Rxb5 45. axb5 h4 46. b6 h3 47.
b7 h2 48. b8=Q h1=Q 49. Qe5+ Kf8 50. b4 Qh5 51. Qb8+ Ke7 52. Qc7+ Ke6 53. Qc6+
Ke7 54. b5 Qe5+ 55. c3 Qd6 56. Qb7+ Qd7 57. Qe4+ Qe6 58. Qb1 Qd6 59. Qe1+ Kd7
60. Qe4 f5 61. Qb7+ Qc7 62. Qd5+ Qd6 63. Qb7+ Qc7 64. Qa6 Qe5 65. Qb7+ Qc7 66.
Qg2 Qc5 67. Qe2 Kc7 68. Kb3 f4 69. c4 Kd6 70. Qg2 Qe3+ 71. Kb4 1/2-1/2

[Event "7th EuropCh Men"]
[Site "Kusadasi / Turkey"]
[Date "2006.04.06"]
[Round "3"]
[White "Kosintseva, Tatiana"]
[Black "Aleskerov, Faik"]
[Result "1/2-1/2"]
[WhiteElo "2489"]
[BlackElo "2325"]
[PlyCount "56"]
[EventDate "2006.04.04"]
[EventRounds "11"]
[EventCountry "AUT"]

1. e4 d5 2. exd5 Nf6 3. Bb5+ Bd7 4. Be2 Nxd5 5. d4 g6 6. Nf3 Bg7 7. O-O O-O 8.
h3 Bf5 9. a3 Nb6 10. c4 c5 11. d5 e6 12. Bg5 Qd7 13. Nc3 Bxc3 14. bxc3 exd5 15.
cxd5 Qxd5 16. Qc1 f6 17. Be3 N8d7 18. Nh4 Be4 19. a4 Ne5 20. Rd1 Qc6 21. f3 Bd5
22. Bb5 Qc8 23. a5 Bc4 24. axb6 Bxb5 25. Rxa7 Qc6 26. f4 Nd3 27. Qa3 Qe8 28. c4
Qxe3+ 1/2-1/2

[Event "7th EuropCh Men"]
[Site "Kusadasi / Turkey"]
[Date "2006.04.06"]
[Round "3"]
[White "Lopez Martinez, Josep Manuel"]
[Black "Ziska, Helgi Dam"]
[Result "1-0"]
[WhiteElo "2481"]
[BlackElo "2306"]
[PlyCount "67"]
[EventDate "2006.04.04"]
[EventRounds "11"]
[EventCountry "AUT"]

1. e4 c5 2. Nf3 d6 3. d4 cxd4 4. Nxd4 Nf6 5. Nc3 a6 6. g3 e5 7. Nb3 Be7 8. Bg2
O-O 9. O-O Nbd7 10. a4 b6 11. Nd2 Qc7 12. Qe2 Bb7 13. Nc4 Rac8 14. b3 Rfd8 15.
Bb2 Bc6 16. Rfd1 b5 17. axb5 axb5 18. Ne3 b4 19. Ncd5 Nxd5 20. exd5 Ba8 21. h4
Rf8 22. Bh3 Rb8 23. Qc4 Qd8 24. Ra7 Nc5 25. Rda1 g6 26. f4 Bxh4 27. gxh4 Qxh4
28. Bg2 exf4 29. Qd4 f6 30. Rf1 Rbe8 31. Rxf4 Qe1+ 32. Nf1 Re5 33. Qf2 f5 34.
Qxe1 1-0

[Event "7th EuropCh Men"]
[Site "Kusadasi / Turkey"]
[Date "2006.04.06"]
[Round "3"]
[White "Can, Emre"]
[Black "Romanov, Evgeny"]
[Result "1/2-1/2"]
[WhiteElo "2277"]
[BlackElo "2480"]
[PlyCount "77"]
[EventDate "2006.04.04"]
[EventRounds "11"]
[EventCountry "AUT"]

1. e4 g6 2. d4 Bg7 3. Nc3 d6 4. f4 c6 5. Nf3 Qb6 6. Bc4 Nh6 7. h3 d5 8. Bb3
dxe4 9. Nxe4 Nf5 10. c3 O-O 11. g4 Nd6 12. Nxd6 exd6 13. Be3 a5 14. Qd2 a4 15.
Bc2 Be6 16. O-O Bc4 17. Rf2 Nd7 18. f5 Rfe8 19. Bh6 Bh8 20. Nh4 Qb5 21. fxg6
hxg6 22. Re1 Nf6 23. Nf5 Rxe1+ 24. Qxe1 Re8 25. Qb1 Re6 26. b3 axb3 27. axb3
Be2 28. Ne3 Kh7 29. Bf4 Nd5 30. c4 Nxf4 31. cxb5 Bxd4 32. Nd1 Nxh3+ 33. Kg2
Nxf2 34. Nxf2 Bxf2 35. Kxf2 Bxb5 36. Bd3 Bxd3 37. Qxd3 d5 38. Qh3+ Kg8 39. Qc3
1/2-1/2

[Event "7th EuropCh Men"]
[Site "Kusadasi / Turkey"]
[Date "2006.04.06"]
[Round "3"]
[White "Williams, Simon"]
[Black "Logothetis, Sotirios"]
[Result "1/2-1/2"]
[WhiteElo "2478"]
[BlackElo "2298"]
[PlyCount "41"]
[EventDate "2006.04.04"]
[EventRounds "11"]
[EventCountry "AUT"]

1. d4 d5 2. c4 e6 3. Nc3 Bb4 4. Nf3 Nf6 5. cxd5 exd5 6. Bg5 O-O 7. e3 c5 8. Bd3
c4 9. Bc2 Nbd7 10. O-O Qa5 11. Rc1 Bxc3 12. bxc3 Re8 13. Nd2 Ne4 14. Nxe4 dxe4
15. Bh4 Nb6 16. f3 Bf5 17. Bb1 Bg6 18. Qd2 Nd5 19. f4 f5 20. h3 Qa3 21. Kh2
1/2-1/2

[Event "7th EuropCh Men"]
[Site "Kusadasi / Turkey"]
[Date "2006.04.06"]
[Round "3"]
[White "Simeonidis, Ioannis"]
[Black "Kovacevic, Blazimir"]
[Result "1/2-1/2"]
[WhiteElo "2307"]
[BlackElo "2468"]
[PlyCount "107"]
[EventDate "2006.04.04"]
[EventRounds "11"]
[EventCountry "AUT"]

1. e4 e6 2. d4 d5 3. Nd2 Nd7 4. Ngf3 Ne7 5. c3 c5 6. Bd3 cxd4 7. cxd4 dxe4 8.
Nxe4 Nd5 9. O-O Be7 10. a3 O-O 11. Bc2 N7f6 12. Qd3 Bd7 13. Neg5 g6 14. Ne5 Rc8
15. Rd1 Nh5 16. Nh3 Bf6 17. Bb3 Bc6 18. Ng4 Bg7 19. Bg5 Qd6 20. Qd2 Ndf6 21.
Nh6+ Kh8 22. Rac1 Ne4 23. Qe3 f6 24. d5 exd5 25. Nf7+ Rxf7 26. Bxd5 Nxg5 27.
Nxg5 fxg5 28. Bxf7 Qf4 29. Qe7 Bf6 30. Qe6 Rf8 31. Rc4 Ng7 32. Rxf4 Nxe6 33.
Rxf6 Nd8 34. Rxc6 Nxc6 35. Bd5 Rd8 36. Kf1 b6 37. Bf3 Nd4 38. Be4 Kg7 39. Rc1
Ne6 40. b4 Kf6 41. Ke2 Ke5 42. Ke3 Rd7 43. g3 g4 44. f4+ gxf3 45. Bxf3 Rc7 46.
Rxc7 Nxc7 47. Kd3 Nb5 48. a4 Nd6 49. a5 g5 50. axb6 axb6 51. Ke3 h6 52. Kd3 Nf5
53. Bg4 Nd6 54. Bf3 1/2-1/2

[Event "7th EuropCh Men"]
[Site "Kusadasi / Turkey"]
[Date "2006.04.06"]
[Round "3"]
[White "Safarli, Eltaj"]
[Black "Yagiz, Yasin Emrah"]
[Result "1-0"]
[WhiteElo "2417"]
[BlackElo "2279"]
[PlyCount "51"]
[EventDate "2006.04.04"]
[EventRounds "11"]
[EventCountry "AUT"]

1. e4 c5 2. Nf3 e6 3. d4 cxd4 4. Nxd4 a6 5. Nc3 b5 6. g3 b4 7. Na4 Bb7 8. Bg2
Nf6 9. O-O Bxe4 10. Bxe4 Nxe4 11. Re1 d5 12. c4 bxc3 13. Nxc3 Nxc3 14. Qh5 Ne4
15. Nxe6 Qb6 16. Nc7+ Qxc7 17. Qxd5 Nc6 18. Qxe4+ Be7 19. Bf4 Qd7 20. Rad1 Qb7
21. Bd6 O-O 22. Bxe7 Rfe8 23. Qf3 Rac8 24. Ba3 Rxe1+ 25. Rxe1 h6 26. Re7 1-0